La rebelión estudiantil /

Zapisane w:
Opis bibliograficzny
1. autor: Craig, Charlton Th (autor)
Kolejni autorzy: Martínez, Joaquín (traducción) (traducción)
Format: Książka
Język:hiszpański
Wydane: Barcelona, España : Plaza y Janés, 1969, c1969
Etykiety: Dodaj etykietę
Nie ma etykietki, Dołącz pierwszą etykiete!

MARC

LEADER 00000nam^a2200000^a^4500
001 000594578
005 20250521000000.0
009 20260310133030.051
037 |a Acervo Xavier Clavigero 
041 |a ESP 
091 |a FDU. 00198 
100 |a Craig, Charlton Th.  |e (autor) 
245 1 3 |a La rebelión estudiantil / 
264 4 |a Barcelona, España :  |b Plaza y Janés,  |c 1969, c1969 
300 |a 267 p. 
336 |a texto  |b txt  |2 rdacontenido 
337 |a sin mediación  |b n  |2 rdamedio 
338 |a volumen  |b nc  |2 rdasoporte 
649 |a XX 
700 |a Martínez, Joaquín  |e (traducción) 
910 |a Fondo Víctor Raúl Durana Valerio S.J. 
920 |a Impresos - Libros 
930 |a Fondos Especiales 
905 |a 116 
901 |a 594578-10  |b IT2  |c ESP  |i D3903  |u 20250521 
902 |a https://opac.biblio.iteso.mx/vufind/Record/000594578